000 00482nam a2200157 a 4500
005 20140412111341.0
008 031016s19uu xx 00 eng d
020 _a0-7214-2972-6
050 _aER
_bFa23 1999
100 _aButterfield, Moira
245 _aFarm animals :
_b1-3 years /
_cby Moira Butterfield ; Caroline Jayne Church.
260 _aLeicestershire, Loughboruogh :
_bLadybirds Books Ltd,
_c1999.
300 _a1 v. (unp.) ; ill.
650 _aAnimals
999 _c105134
_d105134